Asiatische Geographie - A - Statistiken

Allgemein
  • Dieses Quiz wurde 77 mal gespielt
  • Das Durchschnittsergebnis liegt bei 11 aus 18
Antwortstatistiken
Hint Antwort % Korrekt
Hauptstadt der Türkei Ankara
98%
Binnenland im Kaukasus Armenien
92%
Hauptstadt der Vereinigten Arabischen Emirate Abu Dhabi
91%
Alphabetisch erstes Land Afghanistan
86%
Beliebtes Urlaubsziel in der Türkei Antalya
81%
Kaukasusland am Kaspischen Meer Aserbaidschan
81%
Hauptstadt von Jordanien Amman
77%
Großstadt in Syrien, im Bürgerkrieg schwer beschädigt Aleppo
73%
Hauptstadt von Kasachstan Astana
73%
Meer Westlich von Indien Arabisches Meer
63%
Historische Tempelanlage in Kambodscha Angkor Wat
58%
Hauptstadt von Turkmenistan Aşgabat
53%
Größte Halbinsel der Welt Arabien
52%
Ehemalige Hauptstadt von Kasachstan Almaty
48%
Dieser Fluss bildet die Grenze von Russland und China Amur
47%
Bekannter Berg in Nepal Annapurna
23%
Hauptstadt des autonomen Kreises der Tschuktschen in Russland Anadyr
6%
Heiligste Stadt des Sikhismus Amritsar
5%
Keine übereinstimmenden Quizze gefunden
Verteilung der Resultate
Anzahl Personen mit jedem Resultat
Perzentil nach korrekt beantworteten Fragen
Ihre Resultats-Entwicklung
Sie haben dieses Quiz noch nicht gespielt